Hillier Parker rent index. - June - November 1996 (Record no. 93823)
[ view plain ]
| 000 -LEADER | |
|---|---|
| fixed length control field | 00726cam a2200265 4500 |
| 001 - CONTROL NUMBER | |
| control field | J3724 |
| 008 - FIXED-LENGTH DATA ELEMENTS--GENERAL INFORMATION | |
| fixed length control field | 090401t1996 xxu||||| |||| 00| 0 eng d |
| 035 ## - SYSTEM CONTROL NUMBER | |
| System control number | (Sirsi) u56689 |
| 041 ## - LANGUAGE CODE | |
| Language code of text/sound track or separate title | eng |
| 050 ## - LIBRARY OF CONGRESS CALL NUMBER | |
| Classification number | 333.337016 |
| 110 ## - MAIN ENTRY--CORPORATE NAME | |
| Corporate name or jurisdiction name as entry element | Hillier Parker Research |
| 9 (RLIN) | 2002 |
| 245 ## - TITLE STATEMENT | |
| Title | Hillier Parker rent index. - June - November 1996 |
| 260 ## - PUBLICATION, DISTRIBUTION, ETC. | |
| Place of publication, distribution, etc. | London |
| Name of publisher, distributor, etc. | Hillier Parker Research |
| Date of publication, distribution, etc. | 1996 |
| 300 ## - PHYSICAL DESCRIPTION | |
| Extent | 3 pt. ; 30cm. |
| 350 ## - PRICE (NR) (BK AM CF MU VM SE) [OBSOLETE] | |
| Price | 0 |
| 650 ## - SUBJECT ADDED ENTRY--TOPICAL TERM | |
| Topical term or geographic name entry element | HILLIER PARKER RENT INDEX |
| 650 ## - SUBJECT ADDED ENTRY--TOPICAL TERM | |
| Topical term or geographic name entry element | INDICES |
| 650 ## - SUBJECT ADDED ENTRY--TOPICAL TERM | |
| Topical term or geographic name entry element | INDUSTRIAL PROPERTY |
| 650 ## - SUBJECT ADDED ENTRY--TOPICAL TERM | |
| Topical term or geographic name entry element | OFFICES |
| 650 ## - SUBJECT ADDED ENTRY--TOPICAL TERM | |
| Topical term or geographic name entry element | RENT INDEX |
| 650 ## - SUBJECT ADDED ENTRY--TOPICAL TERM | |
| Topical term or geographic name entry element | SHOPS |
| 690 ## - LOCAL SUBJECT ADDED ENTRY--TOPICAL TERM (OCLC, RLIN) | |
| Topical term or geographic name as entry element | PROPERTY-COMMERCIAL PROPERTY-COMMERCIAL PROPERTY FINANCE AND INVESTMENT |
| 942 ## - ADDED ENTRY ELEMENTS (KOHA) | |
| Suppress in OPAC | 0 |
| 948 ## - LOCAL PROCESSING INFORMATION (OCLC); SERIES PART DESIGNATOR (RLIN) | |
| c (OCLC) | 04/03/1997 |
| Withdrawn status | Lost status | Source of classification or shelving scheme | Damaged status | Not for loan | Home library | Current library | Shelving location | Date acquired | Total Checkouts | Full call number | Barcode | Date last seen | Copy number | Price effective from | Koha item type | Date last checked out |
|---|---|---|---|---|---|---|---|---|---|---|---|---|---|---|---|---|
| Dewey Decimal Classification | London | London | Property market reports | 17/06/1996 | PROPERTY MARKET REPORTS | 30049835 | 06/08/2019 | 1 | 06/08/2019 | Reference material | ||||||
| Dewey Decimal Classification | London | London | Property market reports | 17/06/1996 | PROPERTY MARKET REPORTS | 30049836 | 06/08/2019 | 2 | 06/08/2019 | Book | ||||||
| Dewey Decimal Classification | London | London | Property market reports | 16/09/1996 | PROPERTY MARKET REPORTS | 30050296 | 06/08/2019 | 3 | 06/08/2019 | Reference material | ||||||
| Dewey Decimal Classification | London | London | Property market reports | 16/09/1996 | 1 | PROPERTY MARKET REPORTS | 30050297 | 06/08/2019 | 4 | 06/08/2019 | Book | 14/11/2001 | ||||
| Dewey Decimal Classification | London | London | Property market reports | 28/11/1996 | PROPERTY MARKET REPORTS | 30050926 | 06/08/2019 | 5 | 06/08/2019 | Book | ||||||
| Dewey Decimal Classification | London | London | Property market reports | 28/11/1996 | PROPERTY MARKET REPORTS | 30050927 | 06/08/2019 | 6 | 06/08/2019 | Reference material |